00515 2200193 4500001002100000005001700021008004100038035002600079245001800105100001800123250001200141260005900153300002400212020002200236082000800258084000800266650002900274990001800303INLIS00000000000089020191229202702.0191229| ||| | ind  a 0010-12190000000089000cAndre Maurois0 aAndre Maurois aPertama aJakarta : Anggota IkapibJakarta : Anggota Ikapic2007 a299 hlm ;c299 hlm, a978-979-461-636-90 a800 a813 0aCuaca Selalu Berubah 813 aB201505051336